Handbuch der Klimatologie / (Record no. 78118)

MARC details
000 -LEADER
campo de control de longitud fija 00744nam a2200205 i 4500
001 - NÚMERO DE CONTROL
campo de control 78118
003 - IDENTIFICADOR DE NÚMERO DE CONTROL
campo de control ES-MaACL
007 - CAMPO FIJO DE DESCRIPCIÓN FÍSICA--INFORMACIÓN GENERAL
campo de control de longitud fija t|
008 - DATOS DE LONGITUD FIJA--INFORMACIÓN GENERAL
campo de control de longitud fija 041011s1932 gw ||||1| ger d
100 1# - ENTRADA PRINCIPAL--NOMBRE DE PERSONA
Nombre de persona Hann, Julius von.
9 (RLIN) 61731
245 10 - MENCIÓN DEL TÍTULO
Título Handbuch der Klimatologie /
Mención de responsabilidad, etc. von Julius von Hann ; vierte, umgeazbeitete und vermechste ; auflage von Karl Knoch.
260 ## - PUBLICACIÓN, DISTRIBUCIÓN, ETC.
Lugar de publicación, distribución, etc. Stuttgart :
Nombre del editor, distribuidor, etc. J. Engelhorns Nachf,
Fecha de publicación, distribución, etc. 1932 (
Fabricante Union Deutsche Verlagsgesellschaft)
300 ## - DESCRIPCIÓN FÍSICA
Extensión XVI, 444 p. ;
Dimensiones 23 cm.
490 1# - MENCIÓN DE SERIE
Mención de serie Bibliotehek Geographischer Handbücher
505 8# - NOTA DE CONTENIDO CON FORMATO
Nota de contenido con formato Contiene: I Band: Allgemeine Klimalehre
700 1# - ENTRADA AGREGADA--NOMBRE PERSONAL
Nombre de persona Knoch, Karl.
9 (RLIN) 68358
830 0# - PUNTO DE ACCESO ADICIONAL DE SERIE-TÍTULO UNIFORME
Título uniforme Bibliotehek Geographischer Handbücher
9 (RLIN) 231383
852 ## - LOCALIZACIÓN
Ubicación ES-MaACL
Número de control de estantería C-8127
Holdings
Estatus retirado Estado de pérdida Estado de daño No para préstamo Biblioteca de origen Biblioteca actual Ubicación en estantería Fecha de adquisición Fuente de adquisición Total de préstamos Signatura topográfica completa Código de barras Visto por última vez Precio de reemplazo Tipo de ítem Koha
        Biblioteca del Ateneo de Madrid Biblioteca del Ateneo de Madrid Sala Palomar 17/01/2008     C-8127 1081721 23/02/2023 23/02/2023 Libro impreso